00526ntaaa2200181 45000030003000000050017000030080021000200400037000410820017000781000024000952450057001192500010001762600082001863000010002686500026002786500025003046500015003290120251027202833.00714s1973 ag 01  aAR-BaBNbspacAR-BaBNeaacrdRIC a268.6100 N42 aNewbury, Josephine  aNursery-kindergarten weekday education in the church a1 ed. aRichmond, VA : bCooperative Publishing Association, John Knox Press, cc1960 a203 p aeducación religiosa ajardín de infantes apárvulos